Problemas de ingeniería acústica /

Αποθηκεύτηκε σε:
Λεπτομέρειες βιβλιογραφικής εγγραφής
Κύριος συγγραφέας: Gaja Díaz, Esteban (autor)
Μορφή: Βιβλίο
Γλώσσα:Ισπανικά
Έκδοση: Valencia, España : Universidad Politécnica de Valencia, 1997, c1997
Θέματα:
Ετικέτες: Προσθήκη ετικέτας
Δεν υπάρχουν, Καταχωρήστε ετικέτα πρώτοι!

MARC

LEADER 00000nam^a2200000^a^4500
001 000052677
005 20250521000000.0
009 20260526115448.521
037 |a Acervo ITESO - Biblioteca 
041 |a ESP 
082 |a 620. 2  |b GAJ 
100 |a Gaja Díaz, Esteban  |e (autor) 
245 1 0 |a Problemas de ingeniería acústica /  |c E. Gaja Díaz. 
264 4 |a Valencia, España :  |b Universidad Politécnica de Valencia,  |c 1997, c1997 
300 |a 1 v. (varias paginaciones) 
336 |a texto  |b txt  |2 rdacontenido 
337 |a sin mediación  |b n  |2 rdamedio 
338 |a volumen  |b nc  |2 rdasoporte 
649 |a XX 
650 |a Grabación y Reproducción del Sonido 
650 |a Alta Fidelidad -  |x Sistemas de Sonido 
650 |a Sistemas Estereofónicos de Sonido 
650 |a Sonido -  |x Equipo y Aparatos 
650 |a Electroacústica 
650 |a Ingeniería Acústica -  |x Problemas, Ejercicios, etc. -  |x Tema Principal 
910 |a Fondo General 
920 |a Impresos - Libros 
930 |a Colección General 
905 |a 101 
901 |a 0500010303  |b IT1  |c ACC  |u 20250521 
902 |a https://opac.biblio.iteso.mx/vufind/Record/000052677